Разделы математики - Армагеддон - Statistics

General Stats
  • This quiz has been taken 68 times
  • The average score is 5 of 19
Answers on the Grid
Answers color-coded by a green-red scale on the quiz's grid according to % correct below.
Алгебра логики
Фрактальная геометрия
Теория полей
Предикативная логика
Инфодиагностика
Ивент-анализ
Начертательная геометрия
Регрессионный анализ
Психоматематика
Оптическая геометрия
Анализ Фурье
Теория рядов
Математическая химия
Нумерология
Ландшафтная геометрия
Теория кодирования
Инфографика
Квантовая арифметика
Математическая философия
Кибернетика
Теория графов
Математическая живопись
Фармацевтика
Сольфеджио
Фонетика
Теория множеств
Теория хаоса
Диалектическая логика
Математическое прогнозирование
Политэкономия
Математическая физика
Графология
Дискретная навигация
Системотехника
Формальная логика
Интегральная лингвистика
Социометрия
Практическая математика
Математическая морфология
Математическая экономика
 
Answer Stats
Answer % Correct
Алгебра логики
63%
Фрактальная геометрия
57%
Начертательная геометрия
43%
Теория множеств
35%
Теория полей
30%
Анализ Фурье
30%
Теория рядов
26%
Теория графов
24%
Регрессионный анализ
22%
Математическое прогнозирование
22%
Математическая экономика
20%
Предикативная логика
15%
Математическая физика
13%
Математическая химия
11%
Теория кодирования
11%
Формальная логика
11%
Ивент-анализ
9%
Теория хаоса
9%
Математическая морфология
4%
No matching quizzes found
Score Distribution
Percent of People with Each Score
Percentile by Number Answered
Your Score History
You have not taken this quiz